Városon kívüli városfejlesztés
Elmentve itt :
| Dokumentumtípus: | Cikk |
|---|---|
| Megjelent: |
1930-01-04
|
| Sorozat: | Délmagyarország
6 No. 3 |
| Kulcsszavak: | Városfejlesztés |
| Online Access: | http://dmarchiv.bibl.u-szeged.hu/47138 |
| LEADER | 00405nab a2200145 i 4500 | ||
|---|---|---|---|
| 001 | delm47138 | ||
| 005 | 20180927134927.0 | ||
| 008 | 180927s1930 hu o 0|| hun d | ||
| 040 | |a SZTE Délmagyarország Archívum |b hun | ||
| 041 | |a hun | ||
| 245 | 0 | 0 | |a Városon kívüli városfejlesztés |h [elektronikus dokumentum] |
| 260 | |c 1930-01-04 | ||
| 300 | |a 1 | ||
| 490 | 0 | |a Délmagyarország |v 6 No. 3 | |
| 695 | |a Városfejlesztés | ||